000
00304nam a2200145Ia 4500
100
_a
RAJPUT/R.K.
650
_a
PRODUCTION
942
_c
BK
366
_f
15
245
_a
TEXTBOOK OF MECHATRONICS.
260
_b
S.Chand
_a
New Delhi
_c
2009
082
_a
670.285/RAJ
300
_a
754
546
_a
ENGLISH
999
_c
28267
_d
28267